| 000 | 01120nam a2200205 a 4500 | ||
|---|---|---|---|
| 001 | 57307 | ||
| 005 | 20180714053435.0 | ||
| 008 | 140415s1991 mx 000 0 spa d | ||
| 020 | _a9681636260 | ||
| 041 | _aspa | ||
| 082 |
_a342.02 _bSAY |
||
| 100 | 1 | _aSAYEG HELU, JORGE | |
| 245 | 1 | 3 |
_aEL CONSTITUCIONALISMO SOCIAL MEXICANO : _bLA INTEGRACION CONSTITUCIONAL DE MEXICO |
| 250 | _a1a ed. | ||
| 260 |
_aMEXICO : _bFONDO DE CULTURA ECONOMICA, _c1991 |
||
| 300 |
_a219 _c15.5 x 4.5 x 23 |
||
| 490 | _aSECCION DE OBRAS DE FILOSOFIA | ||
| 520 | _aLA INDEPENDENCIA, LA REFORMA Y LA REVOLUCION MEXICANA SON LAS TRES ETAPAS FUNDAMENTALES EN EL NACIMIENTO DE NUESTRA NACIONALIDAD. NO SOLO EN CUANTO MOVIMIENTOS SOCIALES DE GRAN ENVERGADURA, SINO COMO EL ORIGEN DE LAS TRES CARTAS CONSTITUCIONALES QUE CONFORMARON EL DESARROLLO INSTITUCIONAL DE MEXICO MODERNO. SI LA CONSTITUCION DE 1824- PRIMERA CARTA MAGNA DEL MEXICO INDEPENDIENTE- HIZO POSIBLE LA APARICION DE UNA REPUBLICA FEDERAL; SI LA DE 1857- CODIGO LIBERAL POR EXCELENCIA- RESUME EL | ||
| 650 | 1 | 4 |
_aCONSTITUCION _xHISTORIA _xMEXICO _xMEXICO _xHISTORIA |
| 999 |
_c57307 _d57307 |
||